Domination and resistance : Egyptian military activity in the southern Levant, ca. 1300-1185 B.C.

Αποθηκεύτηκε σε:
Λεπτομέρειες βιβλιογραφικής εγγραφής
Κύριος συγγραφέας: Hasel, Michael G.
Μορφή: Βιβλίο
Γλώσσα:English
Δημοσίευση: Leiden ; Boston : Brill, 1998
Σειρά:Probleme der Agyptologie
Θέματα:
Ετικέτες: Προσθήκη ετικέτας
Δεν υπάρχουν, Καταχωρήστε ετικέτα πρώτοι!

MARC

LEADER 00000nam a2200000 i 4500
001 1/47111
008 070629s1998 eng d
020 |a 90-04-10984-6 
035 |l 10088555 
040 |a GR-MY-UA  |b gre  |e aacr 
041 0 |a eng 
082 0 |a 932  |2 (22) 
100 1 |a Hasel, Michael G. 
245 1 0 |a Domination and resistance :  |b Egyptian military activity in the southern Levant, ca. 1300-1185 B.C. /  |c by Michael G. Hasel 
260 |a Leiden ; Boston :   |b Brill,   |c 1998 
300 |a  xxiii, 372 σ.;  |c 24 εκ. 
490 1 |a Probleme der Agyptologie 
504 |a Περιλαμβάνει βιβλιογραφίες 
650 0 0 |a Excavations (Archaeology)  |z Syria. 
650 0 0 |a Excavations (Archaeology)  |z Palestine. 
651 0 |a Egypt  |x History, Military  |y Sources. 
651 0 |a Egypt  |x History  |y To 332 B.C.  |x Sources. 
651 0 |a Syria  |x History  |y To 333 B.C.  |x Sources. 
651 0 |a Palestine  |x History  |y To 70 A.D.  |x Sources. 
830 0 |a Probleme der Agyptologie 
852 |a INST  |b RHODES  |e 20070629  |h 932 HAS  |p 005400026356  |q 005400026356  |t BK  |y 0 
901 |a BIBL4-2007-2 
909 |a Ρ  |b 135364 
922 |a 4ΕΛΗ  |b 200706  |c ΕΠΕΑΕΚ2/ΤΜΣ  |d Σ. ΠΑΤΤΑΚΗΣ 
970 |a ΜΙΣΣΟΣ  |b ΣΤΑΥΡΟΣ  |z 2007/06/29